000 00428nab a22001457 4500
003 ES-SlBCS
005 20230320162408.0
008 230320s2022 sp ||||| |||| 00| 0 spa d
040 _aES-SlBCS
_bspa
041 _aspa
100 1 _9220512
_aGallo, Luis A.
245 1 0 _aEn memoria de Emilio Alberich Sotomayor
_cLuis A. Gallo
773 0 _gVol. 63, núm. 191, 2022, págs. 413-420
_tSinite
_wRev435
_x0210-5225
942 _2lcc
_cAR
999 _c888273
_d888273